List of publications of the United States Bureau of education available for free distribution. (Record no. 19409)
[ view plain ]
| 000 -LEADER | |
|---|---|
| fixed length control field | 01108cam a22002531 4500 |
| 001 - CONTROL NUMBER | |
| control field | e 12001449 |
| 003 - CONTROL NUMBER IDENTIFIER | |
| control field | DLC |
| 005 - DATE AND TIME OF LATEST TRANSACTION | |
| control field | 20260227111158.0 |
| 008 - FIXED-LENGTH DATA ELEMENTS--GENERAL INFORMATION | |
| fixed length control field | 810526s1912 dcu u000 0 eng |
| 010 ## - LIBRARY OF CONGRESS CONTROL NUMBER | |
| LC control number | e 12001449 |
| 035 ## - SYSTEM CONTROL NUMBER | |
| System control number | (OCoLC)28592369 |
| 040 ## - CATALOGING SOURCE | |
| Original cataloging agency | DLC |
| Transcribing agency | MdBJ |
| Modifying agency | DLC |
| 042 ## - AUTHENTICATION CODE | |
| Authentication code | premarc |
| 050 00 - LIBRARY OF CONGRESS CALL NUMBER | |
| Classification number | L111 |
| Item number | .A6 1912, no. 25 |
| 110 1# - MAIN ENTRY--CORPORATE NAME | |
| Corporate name or jurisdiction name as entry element | United States. |
| Subordinate unit | Bureau of Education |
| 245 00 - TITLE STATEMENT | |
| Title | List of publications of the United States Bureau of education available for free distribution. |
| Remainder of title | September, 1912. |
| 260 ## - PUBLICATION, DISTRIBUTION, ETC. | |
| Place of publication, distribution, etc. | Washington, |
| Name of publisher, distributor, etc. | Govt. print. off., |
| Date of publication, distribution, etc. | 1912. |
| 300 ## - PHYSICAL DESCRIPTION | |
| Extent | 37 p. |
| Dimensions | 23 cm. |
| 490 1# - SERIES STATEMENT | |
| Series statement | U. S. Bureau of education. Bulletin, |
| Volume/sequential designation | 1912: no. 25. Whole number 497 |
| 501 ## - WITH NOTE | |
| With note | Copies 1 and 2 with: Readjustment of a rural high school to the needs of the community / H. A. Brown. Washington : Govt. Print. Off., 1912. Bound together subsequent to publication. |
| Institution to which field applies | DLC |
| 650 #0 - SUBJECT ADDED ENTRY--TOPICAL TERM | |
| Topical term or geographic name entry element | Education |
| Geographic subdivision | United States |
| Form subdivision | Bibliography. |
| 610 10 - SUBJECT ADDED ENTRY--CORPORATE NAME | |
| Corporate name or jurisdiction name as entry element | United States. |
| Subordinate unit | Bureau of Education |
| Form subdivision | Bibliography. |
| 810 1# - SERIES ADDED ENTRY--CORPORATE NAME | |
| Corporate name or jurisdiction name as entry element | United States. |
| Subordinate unit | Office of Education. |
| Title of a work | Bulletin ; |
| Volume/sequential designation | 1912: no. 25. Whole number 497. |
No items available.